Statistics for Islandless US States

Click here to take the quiz!

General Stats

  • This quiz has been taken 14 times
  • The average score is 27 of 27

Answer Stats

Answer% Correct
Arkansas
100%
Colorado
100%
Idaho
100%
Illinois
100%
Indiana
100%
Iowa
100%
Kansas
100%
Kentucky
100%
Mississippi
100%
Missouri
100%
Montana
100%
Nebraska
100%
Nevada
100%
New Hampshire
100%
New Jersey
100%
New Mexico
100%
North Dakota
100%
Oklahoma
100%
Pennsylvania
100%
South Dakota
100%
Tennessee
100%
West Virginia
100%
Wyoming
100%
Arizona
92%
Minnesota
92%
Connecticut
85%
Virginia
85%

Score Distribution

Percentile by Number Answered

Percent of People with Each Score

Your Score History

You have not taken this quiz